[Event "Slow norm tournament!"]
[Site "SchemingMind.com"]
[Date "2013.03.19"]
[Round "-"]
[White "Diadoco"]
[Black "Buckaroo Bob"]
[Result "0-1"]
[WhiteCountry "MEX"]
[BlackCountry "USA"]
[WhiteElo "2057"]
[WhiteRD "89"]
[BlackElo "2288"]
[BlackRD "70"]
[GameID "328795"]

1. e4 c5 2. Nf3 d6 3. d4 cxd4 4. Nxd4 Nf6 5. Nc3 a6 6. Be3 Nbd7 7. f3 e5 8. Nb3 Rb8 9. a4 Qc7 10. a5 Be7
11. Na4 O-O 12. Be2 Nc5 13. O-O Nxa4 14. Rxa4 Be6 15. c4 Rbc8 16. Nd2 Nh5 17. b3 Nf4 18. Nb1 Bg5 19. Bb6 Qe7 20. Nc3 Bd7
21. Ra2 Qf6 22. Rd2 Rc6 23. Nd5 Qh6 24. Rb2 Nxd5 25. Qxd5 Kh8 26. Rd1 f5 27. exf5 Rxf5 28. Bd3 e4 29. Qxe4 Re5 30. Qxh7+ Qxh7
31. Bxh7 Kxh7 32. g3 Be7 33. Kf2 g5 34. Rbd2 Kg6 35. c5 d5 36. Rxd5 Rxd5 37. Rxd5 Be6 38. Rd3 Bxc5+ 39. Bxc5 Rxc5 40. b4 Rc2+
41. Kg1 Bh3 42. Rd6+ Kg7 43. Rd7+ Bxd7
0-1

[Event "Slow norm tournament!"]
[Site "SchemingMind.com"]
[Date "2013.03.21"]
[Round "-"]
[White "GBEDARD"]
[Black "Greg Magne"]
[Result "1-0"]
[WhiteCountry "USA"]
[BlackCountry "CAN"]
[WhiteElo "2279"]
[WhiteRD "67"]
[BlackElo "1894"]
[BlackRD "67"]
[GameID "328893"]

1. e4 c5 2. Nf3 d6 3. d4 cxd4 4. Nxd4 Nf6 5. Nc3 a6 6. Be3 e5 7. Nb3 Be6 8. f3 Nbd7 9. g4 Nb6 10. g5 Nfd7
11. Qd2 Be7 12. O-O-O Qc7 13. h4 Nc4 14. Bxc4 Qxc4 15. f4 exf4 16. Bxf4 Ne5 17. Na5 Qc7 18. Nd5 Bxd5 19. Qxd5 O-O 20. Kb1 Rab8
21. Rhf1 b6 22. Nb3 Rbd8 23. Nd4 g6 24. Qb3 b5 25. h5 Qc4 26. hxg6 hxg6 27. Qa3 Rfe8 28. Qh3 Bf8 29. b3 Qc7 30. Rh1 Bg7
31. Nf5 gxf5 32. exf5 Qe7 33. f6 Bxf6 34. gxf6 Qxf6 35. Rdg1+ Ng6 36. Rxg6+ fxg6 37. Qh7+ Kf8 38. Bh6+ Qg7 39. Qxg7#
1-0

[Event "Slow norm tournament!"]
[Site "SchemingMind.com"]
[Date "2013.03.26"]
[Round "-"]
[White "GBEDARD"]
[Black "littleboo"]
[Result "1-0"]
[WhiteCountry "USA"]
[BlackCountry "USA"]
[WhiteElo "2307"]
[WhiteRD "63"]
[BlackElo "2223"]
[BlackRD "70"]
[GameID "328894"]

1. e4 c5 2. Nf3 Nc6 3. d4 cxd4 4. Nxd4 d5 5. Nxc6 bxc6 6. exd5 Qxd5 7. Nc3 Qxd1+ 8. Nxd1 Nf6 9. Ne3 e5 10. Nc4 e4
11. Bf4 Be6 12. Nd6+ Bxd6 13. Bxd6 Rd8 14. O-O-O h5 15. h4 Rh6 16. Ba6 Nd5 17. Bc5 Rg6 18. Rhg1 Bc8 19. Bc4 a5 20. Rde1 f5
21. f3 Re6 22. b3 g6 23. fxe4 Rxe4 24. Rxe4+ fxe4 25. Kb2 Bf5 26. g3 Kd7 27. Be2 Re8 28. Re1 Kc7 29. c3 Nb6 30. c4 Nd7
31. Bd4 Kd6 32. Rf1 Ke6 33. Ka3 Ne5 34. Bb6 Bg4 35. Bxg4+ Nxg4 36. Bxa5 Ra8 37. b4 Ne5 38. Kb3 Nf3 39. Kc3 Kf5 40. Rf2 g5
41. hxg5 Kxg5 42. a4 Kg4 43. Re2 Kf5 44. Ra2 c5 45. Bb6 cxb4+ 46. Kxb4 Kg4 47. Re2 Re8 48. a5 Kxg3 49. a6 Ne5 50. Kb5 Kf4
51. a7 Ra8 52. Rd2 Nd3 53. Ka6 Ne5 54. Kb7
1-0

[Event "Slow norm tournament!"]
[Site "SchemingMind.com"]
[Date "2013.03.22"]
[Round "-"]
[White "GBEDARD"]
[Black "Thomas J. Hendrich"]
[Result "1-0"]
[WhiteCountry "USA"]
[BlackCountry "USA"]
[WhiteElo "2276"]
[WhiteRD "63"]
[BlackElo "1826"]
[BlackRD "80"]
[GameID "328895"]

1. e4 c5 2. Nf3 d6 3. d4 cxd4 4. Nxd4 Nf6 5. Nc3 a6 6. Be3 e6 7. f3 b5 8. Qd2 Nbd7 9. g4 Nb6 10. a4 Nc4
11. Bxc4 bxc4 12. g5 Nd7 13. f4 Bb7 14. Nf3
1-0

[Event "Slow norm tournament!"]
[Site "SchemingMind.com"]
[Date "2013.03.22"]
[Round "-"]
[White "GBEDARD"]
[Black "Majoanis"]
[Result "1-0"]
[WhiteCountry "USA"]
[BlackCountry "CAN"]
[WhiteElo "2286"]
[WhiteRD "65"]
[BlackElo "1736"]
[BlackRD "59"]
[GameID "328896"]

1. e4 e5 2. Nf3 Nc6 3. Bb5 Nf6 4. O-O Nxe4 5. d4 Nd6 6. Bxc6 dxc6 7. dxe5 Nf5 8. Qxd8+ Kxd8 9. Nc3 Bd7 10. h3 h6
11. b3
1-0

[Event "Slow norm tournament!"]
[Site "SchemingMind.com"]
[Date "2013.03.23"]
[Round "-"]
[White "GBEDARD"]
[Black "Buckaroo Bob"]
[Result "1-0"]
[WhiteCountry "USA"]
[BlackCountry "USA"]
[WhiteElo "2307"]
[WhiteRD "63"]
[BlackElo "2249"]
[BlackRD "73"]
[GameID "328897"]

1. e4 c5 2. Nf3 d6 3. d4 cxd4 4. Nxd4 Nf6 5. Nc3 a6 6. Be3 e6 7. f3 b5 8. a4 b4 9. Nd5 exd5 10. Bd3 dxe4
11. fxe4 Ng4 12. Bf4 Qb6 13. a5 Qc5 14. Qd2 Be7 15. h3 Ne5 16. Be3 Bh4+ 17. Kd1 Qc7 18. Qxb4 Bf6 19. g4
1-0

[Event "Slow norm tournament!"]
[Site "SchemingMind.com"]
[Date "2013.03.23"]
[Round "-"]
[White "GBEDARD"]
[Black "Norsland"]
[Result "1-0"]
[WhiteCountry "USA"]
[BlackCountry "USA"]
[WhiteElo "2276"]
[WhiteRD "63"]
[BlackElo "1761"]
[BlackRD "71"]
[GameID "328898"]

1. e4 c5 2. Nf3 d6 3. d4 cxd4 4. Nxd4 Nf6 5. Nc3 a6 6. Be3 Ng4 7. Bg5 h6 8. Bh4 g5 9. Bg3 Bg7 10. h3 Nf6
11. Bc4 Qb6 12. Bb3 Nc6 13. Nxc6 Qxc6 14. O-O
1-0

[Event "Slow norm tournament!"]
[Site "SchemingMind.com"]
[Date "2013.03.22"]
[Round "-"]
[White "GBEDARD"]
[Black "Diadoco"]
[Result "1-0"]
[WhiteCountry "USA"]
[BlackCountry "MEX"]
[WhiteElo "2279"]
[WhiteRD "67"]
[BlackElo "1988"]
[BlackRD "96"]
[GameID "328899"]

1. e4 e5 2. Nf3 Nc6 3. Bb5 a6 4. Ba4 Nf6 5. O-O Be7 6. Re1 b5 7. Bb3 O-O 8. c3 d5 9. exd5 Nxd5 10. Nxe5 Nxe5
11. Rxe5 c6 12. d4 Bd6 13. Re1 Qh4 14. g3 Qh3 15. Be3 Bg4 16. Qd3 Rae8 17. Nd2 Re6 18. Qf1 Qh5 19. f3 Nxe3 20. Qf2 Nd5
21. fxg4 Qxg4 22. Qf3 Qg6 23. Rxe6 Qxe6 24. a4 Re8 25. axb5 axb5 26. Ra6 Qc8 27. Bxd5
1-0

[Event "Slow norm tournament!"]
[Site "SchemingMind.com"]
[Date "2013.03.22"]
[Round "-"]
[White "Greg Magne"]
[Black "GBEDARD"]
[Result "0-1"]
[WhiteCountry "CAN"]
[BlackCountry "USA"]
[WhiteElo "1894"]
[WhiteRD "67"]
[BlackElo "2279"]
[BlackRD "67"]
[GameID "328900"]

1. e4 g6 2. d4 Bg7 3. Nc3 d6 4. f4 Nf6 5. Nf3 O-O 6. Be2 c5 7. e5 Nfd7 8. Be3 cxd4 9. Bxd4 dxe5 10. Bxe5 Nxe5
11. Nxe5 Nc6 12. Nxc6 bxc6 13. O-O Qb6+ 14. Kh1 Qxb2 15. Ne4 Qxa1 16. Qxa1 Bxa1 17. Rxa1 Rb8 18. c3 Rb2 19. Bc4 Bf5 20. Ng5 Rc2
0-1

[Event "Slow norm tournament!"]
[Site "SchemingMind.com"]
[Date "2013.03.26"]
[Round "-"]
[White "littleboo"]
[Black "GBEDARD"]
[Result "1-0"]
[WhiteCountry "USA"]
[BlackCountry "USA"]
[WhiteElo "2253"]
[WhiteRD "72"]
[BlackElo "2276"]
[BlackRD "63"]
[GameID "328901"]

1. e4 g6 2. Nf3 Bg7 3. d4 d6 4. Bb5+ c6 5. Bd3 c5 6. O-O cxd4 7. Nxd4 Nc6 8. c3 Nf6 9. Nd2 Ne5 10. Be2 O-O
11. f4 Nc6 12. Bf3 Nxd4 13. cxd4 h5 14. Nb3 Qb6 15. Bd2 a5 16. Bc3 a4 17. Nd2 Be6 18. Qe2 Ng4 19. Qd3 Rfc8 20. a3 Rc7
21. h3 Nh6 22. Rac1 Rac8 23. Rfe1 Bxd4+ 24. Bxd4 Qa6 25. Qxa6 bxa6 26. Rc3 Rxc3 27. bxc3 f6 28. Rb1 Nf7 29. Be2 Ra8 30. Rb6 a5
31. Bd1 f5 32. e5 Bd7 33. Bf3 Rc8 34. exd6 Nxd6 35. Bd5+ Kf8 36. Nf3 Be8 37. Ng5 Bb5 38. Nf7 Nxf7 39. Rxb5 Nd8 40. Rxa5 Nc6
41. Bxc6 Rxc6 42. Rxa4 Kf7 43. Ra8 Ke6 44. a4 Kd7 45. a5 Ke6 46. a6 Kd5 47. a7 Ke4 48. Re8 Ra6 49. Rxe7+ Kxf4 50. c4 Kg5
51. c5
1-0

[Event "Slow norm tournament!"]
[Site "SchemingMind.com"]
[Date "2013.03.22"]
[Round "-"]
[White "Thomas J. Hendrich"]
[Black "GBEDARD"]
[Result "0-1"]
[WhiteCountry "USA"]
[BlackCountry "USA"]
[WhiteElo "1826"]
[WhiteRD "80"]
[BlackElo "2276"]
[BlackRD "63"]
[GameID "328902"]

1. d4 Nf6 2. c4 e6 3. Nf3 c5 4. d5 exd5 5. cxd5 d6 6. e4 g6 7. Nc3 Bg7 8. Be2 O-O 9. O-O Re8 10. Nd2 Nbd7
11. a4 Ne5 12. Qc2 g5 13. Ra3 g4
0-1

[Event "Slow norm tournament!"]
[Site "SchemingMind.com"]
[Date "2013.03.22"]
[Round "-"]
[White "Majoanis"]
[Black "GBEDARD"]
[Result "0-1"]
[WhiteCountry "CAN"]
[BlackCountry "USA"]
[WhiteElo "1736"]
[WhiteRD "59"]
[BlackElo "2286"]
[BlackRD "65"]
[GameID "328903"]

1. d4 Nf6 2. c4 e6 3. Nc3 c5 4. d5 exd5 5. cxd5 d6 6. Nf3 g6 7. Nd2 Bg7 8. Nc4 O-O 9. Bf4 Ne8 10. Qd2 b6
0-1

[Event "Slow norm tournament!"]
[Site "SchemingMind.com"]
[Date "2013.03.22"]
[Round "-"]
[White "Buckaroo Bob"]
[Black "GBEDARD"]
[Result "1-0"]
[WhiteCountry "USA"]
[BlackCountry "USA"]
[WhiteElo "2288"]
[WhiteRD "70"]
[BlackElo "2202"]
[BlackRD "63"]
[GameID "328904"]

1. Nf3 Nf6 2. c4 e6 3. Nc3 d5 4. d4 Be7 5. Bf4 O-O 6. e3 c5 7. dxc5 Bxc5 8. cxd5 Nxd5 9. Nxd5 Qxd5 10. Qxd5 exd5
11. Bd3 Nc6 12. Rc1 Bb6 13. O-O d4 14. exd4 Be6 15. Ng5 Bxa2 16. Bxh7+ Kh8 17. Be4 Bxd4 18. b4 Rad8 19. b5 Nb4 20. Bc7 Rd7
21. Ba5 Nd5 22. Rc2 b6 23. Bxb6 Bxb6 24. Rxa2 f6 25. Ne6 Re8 26. Rd2 Rxe6 27. Bxd5 g5 28. g3 Red6 29. Rfd1 Kg7 30. g4 Rc7
31. Kg2 Rc5 32. Bc6 f5 33. Rxd6
1-0

[Event "Slow norm tournament!"]
[Site "SchemingMind.com"]
[Date "2013.03.22"]
[Round "-"]
[White "Norsland"]
[Black "GBEDARD"]
[Result "0-1"]
[WhiteCountry "USA"]
[BlackCountry "USA"]
[WhiteElo "1986"]
[WhiteRD "93"]
[BlackElo "2286"]
[BlackRD "65"]
[GameID "328905"]

1. Nc3 d5 2. e4 dxe4 3. Nxe4 Bf5 4. Ng3 Bg6 5. d4 Nc6 6. Nf3 Nb4 7. Bd3 Nxd3+ 8. cxd3 Nf6 9. O-O e6 10. Be3 Be7
0-1

[Event "Slow norm tournament!"]
[Site "SchemingMind.com"]
[Date "2013.03.22"]
[Round "-"]
[White "Diadoco"]
[Black "GBEDARD"]
[Result "0-1"]
[WhiteCountry "MEX"]
[BlackCountry "USA"]
[WhiteElo "1988"]
[WhiteRD "96"]
[BlackElo "2279"]
[BlackRD "67"]
[GameID "328906"]

1. e4 g6 2. d4 Bg7 3. Nc3 d6 4. f4 Nf6 5. Nf3 O-O 6. Bd3 Na6 7. O-O c5 8. d5 Bg4 9. a3 Nc7 10. Qe1 Bxf3
11. Rxf3 e6 12. dxe6 Nxe6 13. f5 Nd4 14. Rh3 c4 15. Bxc4 Nxc2 16. Qh4 Nxa1 17. Nd5 Nh5 18. Bg5 Qa5 19. fxg6 hxg6 20. Ne7+ Kh7
21. Be2 Bd4+ 22. Kh1 Bf2 23. Qxf2 Qxg5 24. Nd5 Qc1+ 25. Bf1 f5 26. e5 dxe5 27. Rc3 Qb1 28. Rc7+ Kh6 29. Rxb7 Rfb8 30. Rb4 Nc2
31. Nc3 Qc1 32. Rxb8 Rxb8 33. b4 Ne3
0-1

[Event "Slow norm tournament!"]
[Site "SchemingMind.com"]
[Date "2013.03.24"]
[Round "-"]
[White "jrsanpedro"]
[Black "Greg Magne"]
[Result "1-0"]
[WhiteCountry "ARG"]
[BlackCountry "CAN"]
[WhiteElo "2204"]
[WhiteRD "61"]
[BlackElo "1894"]
[BlackRD "67"]
[GameID "328949"]

1. e4 e5 2. Nf3 Nc6 3. Bb5 a6 4. Ba4 Nf6 5. O-O Be7 6. Re1 b5 7. Bb3 d6 8. c3 O-O 9. h3 Nb8 10. d4 Nbd7
11. Nbd2 Bb7 12. Bc2 Re8 13. Nf1 c5 14. d5 c4 15. Ng3 g6 16. Be3 Bf8 17. a4 Qc7 18. Qe2 Nc5 19. Ra3 Nfd7 20. Rea1 Bg7
21. Nh4 Nb6 22. axb5 axb5 23. Qd2 Nba4 24. R1a2 Ra6 25. Bh6 Rea8 26. Bxg7 Kxg7 27. Ngf5+ gxf5 28. Nxf5+
1-0

[Event "Slow norm tournament!"]
[Site "SchemingMind.com"]
[Date "2013.03.27"]
[Round "-"]
[White "jrsanpedro"]
[Black "littleboo"]
[Result "1/2-1/2"]
[WhiteCountry "ARG"]
[BlackCountry "USA"]
[WhiteElo "2221"]
[WhiteRD "63"]
[BlackElo "2173"]
[BlackRD "74"]
[GameID "328950"]

1. d4 Nf6 2. c4 e6 3. Nf3 d5 4. Nc3 Be7 5. Bg5 O-O 6. e3 Nc6 7. Rc1 dxc4 8. Bxc4 Ne8 9. Bxe7 Qxe7 10. O-O Nf6
11. a3 Rd8 12. Qc2 a6 13. Ne4 Bd7 14. Bd3 Nxe4 15. Bxe4 f5 16. Bd3 Rab8 17. Bc4 Kh8 18. d5 exd5 19. Bxd5 Qf6 20. Bxc6 Bxc6
21. Nd4 f4 22. Nxc6 bxc6 23. b4 f3 24. Qxc6 fxg2 25. Qxg2 Rb5 26. Qc6 Qf7 27. Rfd1 Rf8 28. Rd2 Rb6 29. Qd5 Qe8 30. Rxc7 Rg6+
31. Kf1 Qxe3 32. Qf5 Qe8 33. Re2 Qa8 34. Qe4 Qd8 35. Rc3 Qd1+ 36. Re1 Qd8 37. Rh3 Qd6 38. Rf3 Rxf3 39. Qxf3 h6 40. h3 Kh7
41. Rd1 Qh2 42. Qd3 Qg2+ 43. Ke2 Qg5 44. Rd2 Qe5+ 45. Kf1 Qg5 46. Rc2 Qg1+ 47. Ke2 Qa1 48. Rc4 Qe5+ 49. Kd2 Qb2+ 50. Rc2 Qf6
51. Kd1 Kg8 52. Qe4 Kh8 53. Ke2 Qb6 54. Rc5 Kg8 55. Re5 Rf6 56. Re8+ Kf7 57. Qe7+ Kg6 58. Qe3 Qb5+ 59. Ke1 Qf5 60. Qe4 Qxe4+
61. Rxe4 Kf5 62. Rc4 g5 63. Ke2 Re6+ 64. Kf3 Rf6 65. a4 Ke5+ 66. Ke3 Kd5 67. Rc5+ Kd6 68. h4 Rf4 69. Ra5 Rxh4 70. Rxa6+ Kc7
71. b5 Kb7 72. a5 Ra4 73. Rb6+ Kc7 74. Rc6+ Kb8 75. a6 h5 76. Rg6 g4 77. Rh6 Ka7 78. Rxh5 Kb6 79. Rd5 Ra3+ 80. Rd3 Ra1
81. Rb3 Ra2 82. f4 gxf3 83. Kxf3 Ra4 84. Ke3 Rg4 85. Kd3 Ra4 86. Kc3 Rf4 87. Kb2 Ra4= 88. Ra3 Rb4+ 89. Kc3 Rh4 90. Ra1=
1/2-1/2

[Event "Slow norm tournament!"]
[Site "SchemingMind.com"]
[Date "2013.03.23"]
[Round "-"]
[White "jrsanpedro"]
[Black "Thomas J. Hendrich"]
[Result "1-0"]
[WhiteCountry "ARG"]
[BlackCountry "USA"]
[WhiteElo "2185"]
[WhiteRD "62"]
[BlackElo "1826"]
[BlackRD "80"]
[GameID "328951"]

1. e4 c5 2. Nf3 d6 3. d4 cxd4 4. Nxd4 Nf6 5. Nc3 a6 6. Be2 e6 7. O-O Be7 8. f4 O-O 9. Kh1 Qc7 10. a4 Nc6
11. Be3 Re8 12. Bd3 Nb4 13. a5 Bd7 14. Nf3 Rac8 15. Bb6 Qb8 16. Nd4
1-0

[Event "Slow norm tournament!"]
[Site "SchemingMind.com"]
[Date "2013.03.27"]
[Round "-"]
[White "jrsanpedro"]
[Black "Buckaroo Bob"]
[Result "1/2-1/2"]
[WhiteCountry "ARG"]
[BlackCountry "USA"]
[WhiteElo "2221"]
[WhiteRD "63"]
[BlackElo "2268"]
[BlackRD "74"]
[GameID "328953"]

1. d4 Nf6 2. c4 e6 3. Nf3 b6 4. g3 Ba6 5. Nbd2 d5 6. Bg2 Bd6 7. O-O O-O 8. b3 Nbd7 9. Bb2 c5 10. Ne5 cxd4
11. Nc6 Qc7 12. Nxd4 Rac8 13. cxd5 exd5 14. Rc1 Qb8 15. Rxc8 Rxc8 16. N2f3 Re8 17. Re1 Qc8 18. Qb1 Ne4 19. Rc1 Qb7 20. Nf5 Bf8
21. e3 g6 22. N5d4 Ndf6 23. h3 Bc5 24. a3 Qd7 25. Qc2 Rc8 26. Qd1 Bb7 27. b4 Bd6 28. Rxc8+ Bxc8 29. Ne2 Qc7 30. Nf4 Bb7
31. Nd4 Qc4 32. Qa1 Ba6 33. Nde2 Bxf4 34. Nxf4 Qc2 35. Bxf6=
1/2-1/2

[Event "Slow norm tournament!"]
[Site "SchemingMind.com"]
[Date "2013.03.25"]
[Round "-"]
[White "jrsanpedro"]
[Black "Norsland"]
[Result "1-0"]
[WhiteCountry "ARG"]
[BlackCountry "USA"]
[WhiteElo "2185"]
[WhiteRD "62"]
[BlackElo "1761"]
[BlackRD "71"]
[GameID "328954"]

1. e4 c5 2. Nf3 d6 3. d4 cxd4 4. Nxd4 Nf6 5. Nc3 a6 6. Be2 e5 7. Nb3 Be7 8. O-O O-O 9. Be3 Be6 10. f4 b5
11. f5 Bc4 12. Bxc4 bxc4 13. Nd2 Qc7 14. a3 Nbd7 15. Qe2 Rfc8 16. Rfd1 Rab8 17. Rab1
1-0

[Event "Slow norm tournament!"]
[Site "SchemingMind.com"]
[Date "2013.03.25"]
[Round "-"]
[White "jrsanpedro"]
[Black "GBEDARD"]
[Result "1/2-1/2"]
[WhiteCountry "ARG"]
[BlackCountry "USA"]
[WhiteElo "2204"]
[WhiteRD "61"]
[BlackElo "2279"]
[BlackRD "67"]
[GameID "328955"]

1. d4 Nf6 2. c4 e6 3. Nf3 c5 4. d5 exd5 5. cxd5 d6 6. Nc3 g6 7. e4 Bg7 8. Be2 O-O 9. O-O Re8 10. Nd2 Nbd7
11. Qc2 Ne5 12. a4 a6 13. h3 Qe7 14. f4 Ned7 15. Bf3 Nh5 16. Bxh5 gxh5 17. b3 Bd4+ 18. Kh1 Nf6 19. Bb2 h4 20. Rf3 Nh5
21. Nf1 f5 22. exf5 Qf6 23. g4 hxg3 24. Nxg3 Nxg3+ 25. Rxg3+ Kh8 26. Ne4 Rxe4 27. Qxe4 Bxf5 28. Qxd4 cxd4 29. Rd1 Rg8 30. Bxd4 Rxg3
31. Bxf6+ Kg8 32. Rg1 Be4+ 33. Kh2 Rxg1 34. Kxg1 Bxd5 35. b4 Kf7 36. Bc3 Ke6 37. Kf2 Bb3 38. a5 Kd5 39. Ke3 Bc2 40. Bf6 Kc4
41. Bd8 Bf5 42. h4 h5 43. Bc7 d5 44. Bb6=
1/2-1/2

[Event "Slow norm tournament!"]
[Site "SchemingMind.com"]
[Date "2013.03.24"]
[Round "-"]
[White "jrsanpedro"]
[Black "Diadoco"]
[Result "1-0"]
[WhiteCountry "ARG"]
[BlackCountry "MEX"]
[WhiteElo "2204"]
[WhiteRD "61"]
[BlackElo "1988"]
[BlackRD "96"]
[GameID "328956"]

1. d4 d5 2. c4 c6 3. Nc3 Nf6 4. e3 e6 5. Nf3 Nbd7 6. Bd3 dxc4 7. Bxc4 b5 8. Bd3 Bb7 9. e4 b4 10. Na4 c5
11. e5 Nd5 12. O-O cxd4 13. Re1 g6 14. Bd2 Bg7 15. Bb5 a6 16. Nc5 axb5 17. Nxb7 Qb6 18. Nd6+ Ke7 19. Bg5+ Kf8 20. Nxd4 Nxe5
21. N4xb5 h6 22. Be3 Nxe3 23. Rxe3 Ke7 24. Qe2 Nd7 25. Qg4 Ra5 26. Qxb4 Kf8 27. Nc4+ Qc5 28. Qxc5+ Nxc5 29. Nxa5 Bxb2 30. Rb1 Bf6
31. Rc1 Nd7 32. Rc8+ Kg7 33. Rxh8 Kxh8 34. Nd6 Kg7 35. Ne8+
1-0

[Event "Slow norm tournament!"]
[Site "SchemingMind.com"]
[Date "2013.03.24"]
[Round "-"]
[White "Greg Magne"]
[Black "jrsanpedro"]
[Result "0-1"]
[WhiteCountry "CAN"]
[BlackCountry "ARG"]
[WhiteElo "1894"]
[WhiteRD "67"]
[BlackElo "2204"]
[BlackRD "61"]
[GameID "328957"]

1. e4 c5 2. Nf3 d6 3. d4 cxd4 4. Nxd4 Nf6 5. Nc3 a6 6. Bg5 e6 7. f4 Be7 8. Qf3 Qc7 9. O-O-O Nbd7 10. g4 b5
11. Bxf6 Nxf6 12. g5 Nd7 13. Rg1 Bb7 14. Bd3 b4 15. Nce2 Nc5 16. Kb1 O-O-O 17. f5 d5 18. exd5 Bxd5 19. Qg4 Kb8 20. fxe6 fxe6
21. Nb3 Nxd3 22. Rxd3 Qxh2 23. Rc1 Qe5 24. g6 hxg6 25. Nf4 Bf6
0-1

[Event "Slow norm tournament!"]
[Site "SchemingMind.com"]
[Date "2013.03.27"]
[Round "-"]
[White "littleboo"]
[Black "jrsanpedro"]
[Result "0-1"]
[WhiteCountry "USA"]
[BlackCountry "ARG"]
[WhiteElo "2187"]
[WhiteRD "73"]
[BlackElo "2175"]
[BlackRD "68"]
[GameID "328958"]

1. e4 c5 2. Nc3 e6 3. Nf3 a6 4. d4 cxd4 5. Nxd4 b5 6. a3 Bb7 7. Bd3 Bc5 8. Nb3 Be7 9. O-O d6 10. Be3 Nd7
11. f4 Ngf6 12. Qf3 Qc7 13. Nd4 Nc5 14. Rac1 Rc8 15. b4 Ncd7 16. Nb1 d5 17. e5 Ne4 18. Qh5 g6 19. Qh6 Bf8 20. Qh3 Be7
21. Rcd1 Nb6 22. Bxe4 dxe4 23. Nd2 Na4 24. Rde1 O-O 25. Qg3 Qd8 26. Qg4 Bh4 27. Rc1 Rc3 28. Qh3 Rxa3 29. Nb1 Ra1 30. Rcd1 Bd5
31. f5 exf5 32. Ne2 Rxb1 33. Rxb1 Bc4 34. Rfd1 Qe7 35. Nd4 Rc8 36. g4 Bg5 37. gxf5 Bxe3+ 38. Qxe3 Qxe5 39. Ra1 Bd5 40. Qg3 Qf6
41. Rd2 Rc3 42. Qf4 Rc4 43. Qe3 Rxb4 44. fxg6 hxg6 45. Rf1 Qb6 46. h4 Nb2 47. Qg5 Rxd4 48. Qe3 Bc4 49. Rxd4 Bxf1 50. Kxf1 Qf6+
51. Kg2 Qxh4 52. Rxe4 Qf6 53. Rf4 Qc6+ 54. Kg3 Qc7 55. Kh3 Nc4 56. Qe8+ Kg7 57. Rh4 Kf6 58. Rd4 Qe5 59. Qd8+ Kg7 60. Rh4 Qc3+
61. Qd3 Qxd3+ 62. cxd3 Nb2 63. Rd4 Nd1 64. Rd6 a5 65. Rb6 Nc3 66. Rc6 b4 67. Rb6 Na2 68. d4 a4 69. d5 b3 70. Kg4 Nc3
71. d6 Kf6 72. Rb7 Ke6 73. d7 Ke7 74. Kf4 f6 75. Kf3 Kd8 76. Kf4 Nd1
0-1

[Event "Slow norm tournament!"]
[Site "SchemingMind.com"]
[Date "2013.03.23"]
[Round "-"]
[White "Thomas J. Hendrich"]
[Black "jrsanpedro"]
[Result "0-1"]
[WhiteCountry "USA"]
[BlackCountry "ARG"]
[WhiteElo "1826"]
[WhiteRD "80"]
[BlackElo "2185"]
[BlackRD "62"]
[GameID "328959"]

1. d4 Nf6 2. c4 e6 3. Nf3 b6 4. g3 Bb7 5. Bg2 Be7 6. O-O O-O 7. Nc3 Ne4 8. Bd2 Bf6 9. Rc1 c5 10. d5 Nxd2
11. Nxd2 exd5 12. cxd5 Re8 13. Nde4 d6 14. Nxf6+ Qxf6 15. e4 a6
0-1

[Event "Slow norm tournament!"]
[Site "SchemingMind.com"]
[Date "2013.03.24"]
[Round "-"]
[White "Buckaroo Bob"]
[Black "jrsanpedro"]
[Result "1/2-1/2"]
[WhiteCountry "USA"]
[BlackCountry "ARG"]
[WhiteElo "2268"]
[WhiteRD "74"]
[BlackElo "2221"]
[BlackRD "63"]
[GameID "328961"]

1. Nf3 d5 2. d4 e6 3. c4 Nf6 4. Nc3 Be7 5. Bf4 O-O 6. e3 c5 7. dxc5 Bxc5 8. Qc2 Nc6 9. Rd1 Qa5 10. Be2 Bb4
11. O-O Bxc3 12. bxc3 dxc4 13. Bd6 Rd8 14. Bxc4 Nd5 15. Ng5 Nf6 16. h4 h6 17. Bb4 Qc7 18. Ne4 Ne8 19. Ba3 b6 20. Be2 Bb7
21. c4 Ne7 22. Nc3 Nf5 23. h5 Qe5 24. Bb2 Rxd1 25. Rxd1 Nxe3 26. fxe3 Qxe3+ 27. Kh2 Qg5 28. g3 Nf6 29. Rd4 Nxh5 30. Qd3 f5
31. Rd7 Bc6 32. Rd6 f4 33. Ne4 Bxe4 34. Qxe4 Qxg3+ 35. Kh1 Re8 36. Bxh5 Qh3+ 37. Kg1 Qxh5 38. Rd7 e5 39. Qg2 Qg5=
1/2-1/2

[Event "Slow norm tournament!"]
[Site "SchemingMind.com"]
[Date "2013.03.24"]
[Round "-"]
[White "Norsland"]
[Black "jrsanpedro"]
[Result "0-1"]
[WhiteCountry "USA"]
[BlackCountry "ARG"]
[WhiteElo "1761"]
[WhiteRD "71"]
[BlackElo "2185"]
[BlackRD "62"]
[GameID "328962"]

1. Nc3 c5 2. d4 cxd4 3. Qxd4 Nc6 4. Qh4 d5 5. Bd2 d4 6. Ne4 Bf5 7. e3 e5 8. Qxd8+ Rxd8 9. Bd3 Nb4 10. Bxb4 Bxb4+
11. Ke2 dxe3 12. Kxe3 Ne7 13. a3 Ba5 14. Bb5+ Kf8
0-1

[Event "Slow norm tournament!"]
[Site "SchemingMind.com"]
[Date "2013.03.24"]
[Round "-"]
[White "GBEDARD"]
[Black "jrsanpedro"]
[Result "1-0"]
[WhiteCountry "USA"]
[BlackCountry "ARG"]
[WhiteElo "2279"]
[WhiteRD "67"]
[BlackElo "2204"]
[BlackRD "61"]
[GameID "328963"]

1. e4 c5 2. Nf3 d6 3. d4 cxd4 4. Nxd4 Nf6 5. Nc3 e6 6. g4 h6 7. h4 Be7 8. Qf3 Nc6 9. Nxc6 bxc6 10. g5 Nd7
11. gxh6 gxh6 12. Bd2 Rb8 13. O-O-O Bf6 14. Kb1 Qc7 15. Be2 a6 16. Bf4 e5 17. Bc1 Be7 18. Bc4 Nf6 19. Qd3 Qb6 20. Bb3 Ng4
21. Qe2 Bd7 22. f3 Nf6 23. Rhg1 h5 24. Be3 Qb7 25. Bg5 Be6 26. f4 Bg4 27. Qc4 Be6 28. Qd3 exf4 29. Bxf6 Bxf6 30. Qxd6 Bxc3
31. bxc3 Rf8 32. Kc1
1-0

[Event "Slow norm tournament!"]
[Site "SchemingMind.com"]
[Date "2013.03.24"]
[Round "-"]
[White "Diadoco"]
[Black "jrsanpedro"]
[Result "1/2-1/2"]
[WhiteCountry "MEX"]
[BlackCountry "ARG"]
[WhiteElo "1988"]
[WhiteRD "96"]
[BlackElo "2204"]
[BlackRD "61"]
[GameID "328964"]

1. d4 Nf6 2. c4 e6 3. Nf3 b6 4. g3 Bb7 5. Bg2 Be7 6. Nc3 O-O 7. Qc2 d5 8. cxd5 Nxd5 9. O-O Nd7 10. Nxd5 exd5
11. Rd1 Bd6 12. Bg5 f6 13. Bf4 Bxf4 14. gxf4 Re8 15. e3 Rc8 16. b4 c5 17. bxc5 bxc5 18. dxc5 Nxc5 19. Qb2 Qd7 20. Nd4 Ne4=
21. Bxe4 Rxe4 22. Qe2 a6 23. Kh1 Ree8 24. Qf3 Rc7 25. Rg1 a5 26. h3 Ba6 27. Rad1 Rc3 28. Kh2 Ra3 29. Rd2 Bc4 30. Qg4 Qxg4
31. hxg4 a4=
1/2-1/2

[Event "Slow norm tournament!"]
[Site "SchemingMind.com"]
[Date "2013.03.25"]
[Round "-"]
[White "e_castle3"]
[Black "Greg Magne"]
[Result "0-1"]
[WhiteCountry "PHI"]
[BlackCountry "CAN"]
[WhiteElo "1706"]
[WhiteRD "59"]
[BlackElo "1958"]
[BlackRD "69"]
[GameID "329029"]

1. e4 e6 2. d4 d5 3. exd5 exd5 4. Nf3 Nf6 5. Be2 Bd6 6. O-O O-O 7. Bg5 Bf5 8. Nc3 c6 9. a3 h6 10. Bh4 Nbd7
11. Qd2 Qc7 12. h3 Ne4 13. Nxe4 dxe4 14. Ne1 Bf4 15. Qc3 Nb6 16. Qb3 Be6 17. c4 Qd7 18. Rd1 Qc7
0-1

[Event "Slow norm tournament!"]
[Site "SchemingMind.com"]
[Date "2013.03.29"]
[Round "-"]
[White "e_castle3"]
[Black "littleboo"]
[Result "0-1"]
[WhiteCountry "PHI"]
[BlackCountry "USA"]
[WhiteElo "1706"]
[WhiteRD "59"]
[BlackElo "2253"]
[BlackRD "72"]
[GameID "329030"]

1. e4 c5 2. Nf3 Nc6 3. g3 d5 4. exd5 Qxd5 5. Bg2 Qe6+ 6. Qe2 Qxe2+ 7. Kxe2 Bf5 8. d3 Nf6 9. Nc3 Nb4 10. Ne1 O-O-O
11. a3 Nxc2 12. Nxc2 Bxd3+ 13. Ke1 Bxc2 14. Be3 e6 15. Rc1 Bd3
0-1